书目信息 |
| 题名: |
世界戏剧史话
|
|
| 作者: | 李江 , 于闽梅 著 | |
| 分册: | ||
| 出版信息: | 北京 国际文化出版公司 2000.03 |
|
| 页数: | 280页 | |
| 开本: | 20cm | |
| 丛书名: | ||
| 单 册: | ||
| 中图分类: | J809.1 | |
| 科图分类: | ||
| 主题词: | 戏剧--艺术理论 | |
| 电子资源: | ||
| ISBN: | 7-80105-757-0 | |
| 000 | 00612nam0 2200217 450 | |
| 001 | 0531737419 | |
| 005 | 20050305084857.65 | |
| 010 | @a7-80105-757-0@dCNY20.00 | |
| 100 | @a20050305d2000 km y0chiy0120 ea | |
| 101 | 0 | @achi |
| 102 | @aCN@b110000 | |
| 200 | 1 | @a世界戏剧史话@Ashi jie xi ju shi hua@f李江,于闽梅著@Fli jiang,yu min mei zhu |
| 210 | @a北京@c国际文化出版公司@d2000.03 | |
| 215 | @a280页@d20cm | |
| 300 | @a世界艺术史话 | |
| 606 | 0 | @a戏剧@x艺术理论 |
| 690 | @aJ809.1@v3 | |
| 701 | 0 | @a李江@Ali jiang@4著 |
| 701 | 0 | @a于闽梅@Ayu min mei@4著 |
| 801 | 0 | @aCN@bPFT@c20050305 |
| 905 | @aBZT@dJ809.1@e1 | |
| 世界戏剧史话/李江,于闽梅著.-北京:国际文化出版公司,2000.03 |
| 280页;20cm |
| 世界艺术史话 |
| ISBN 7-80105-757-0:CNY20.00 |
| ● |
| 相关链接 |
|
|
|
正题名:世界戏剧史话
索取号:J809.1/1
 
预约/预借
| 序号 | 登录号 | 条形码 | 馆藏地/架位号 | 状态 | 备注 |
| 1 | 439980 | 210668357 | 中心书库中库/ 中库021架B面2列3层86/ [索取号:J809.1/1] | 在馆 | |
| 2 | 439981 | 210668384 | 中心书库中库/ 中库021架B面2列3层31/ [索取号:J809.1/1] | 在馆 | |
| 3 | 439982 | 210668375 | 中心书库中库/ 中库021架B面2列3层34/ [索取号:J809.1/1] | 在馆 | |
| 4 | 439983 | 210668400 | 中心书库中库/ 中库021架B面2列3层30/ [索取号:J809.1/1] | 在馆 | |
| 5 | 439984 | 210668393 | 中心书库中库/ 中库021架B面2列3层10/ [索取号:J809.1/1] | 在馆 | |
| 6 | 439985 | 210668428 | 中心书库中库/ 中库021架B面2列3层36/ [索取号:J809.1/1] | 在馆 | |
| 7 | 439986 | 210668419 | 中心书库中库/ 中库021架B面2列3层33/ [索取号:J809.1/1] | 在馆 | |
| 8 | 439987 | 210668446 | 中心书库中库/ 中库020架A面1列3层50/ [索取号:J809.1/1] | 在馆 | |
| 9 | 439988 | 210668464 | 中心书库中库/ 中库021架B面2列3层85/ [索取号:J809.1/1] | 在馆 | |
| 10 | 439989 | 210668437 | 中心书库中库/ 中库021架B面2列3层32/ [索取号:J809.1/1] | 在馆 |